000 00550nam a22001577a 4500
003 macl
005 20200104163512.0
008 200104b xxu||||| |||| 00| 0 eng d
040 _cmacl
082 _a800
100 _aइंदु दत्ता
_977674
245 _aकृष्‍णा सोबती के कथा साहित्‍य में समाज बोध
260 _aदिल्‍ली
_bअक्षर पब्लिशर्स
_c2017
650 _aकथा साहित्‍य
_9191
942 _2ddc
_cHIN
999 _c61673
_d61673